Statistics for Washington Wizards 2017-18 Roster

Click here to take the quiz!

General Stats

  • This quiz has been taken 54 times
    (48 since last reset)
  • The average score is 11 of 17

Answer Stats

Nbr Post Player % Correct
3GuardBradley Beal
100%
2GuardJohn Wall
100%
22ForwardOtto Porter Jr.
97%
13CenterMarcin Gortat
90%
5ForwardMarkieff Morris
87%
12ForwardKelly Oubre Jr.
83%
31Forward-GuardTomas Satoransky
77%
-Head CoachScott Brooks
67%
20GuardJodie Meeks
67%
30ForwardMike Scott
63%
28CenterIan Mahinmi
57%
14Forward-CenterJason Smith
57%
8GuardTim Frazier
50%
7ForwardDevin Robinson
27%
1ForwardChris McCullough
20%
9Guard-ForwardSheldon Mac
20%
4ForwardMike Young
7%

Score Distribution

Percentile by Number Answered

Percent of People with Each Score

Your Score History

You have not taken this quiz since the last reset